000 00290nam a2200121 a 4500
008 100914s1989|||| d
245 1 0 _aTvorba národov
100 1 _aDoctorow, E.L.
020 _c25
260 _bSlovenský spisovateľ
_aBratislava
_c1989
044 _axo
_cSK
041 _aslo
999 _c10315
_d10315